Fluid mechanics and machinery / (Record no. 13019)
[ view plain ]
| 000 -LEADER | |
|---|---|
| fixed length control field | 00842cam a2200157ua 4500 |
| 003 - CONTROL NUMBER IDENTIFIER | |
| control field | OSt |
| 008 - FIXED-LENGTH DATA ELEMENTS--GENERAL INFORMATION | |
| fixed length control field | 220208b ||||| |||| 00| 0 eng d |
| 041 ## - LANGUAGE CODE | |
| Language code of text/sound track or separate title | eng |
| 082 ## - DEWEY DECIMAL CLASSIFICATION NUMBER | |
| Classification number | 532 |
| Item number | AGR/FL |
| 100 ## - MAIN ENTRY--AUTHOR NAME | |
| Personal name | Agrawal, S.K . |
| 245 ## - TITLE STATEMENT | |
| Title | Fluid mechanics and machinery / |
| 260 ## - PUBLICATION, DISTRIBUTION, ETC. (IMPRINT) | |
| Place of publication | New Delhi : |
| Name of publisher | Tata Mc-Graw Hill Publishing Company , |
| Year of publication | 2005. |
| 300 ## - PHYSICAL DESCRIPTION | |
| Number of Pages | ; |
| Accompanying material | `. |
| 505 ## - FORMATTED CONTENTS NOTE | |
| Formatted contents note | 1. Basic Concepts.<br/>2. Fluid Statics.<br/>3. Kinematics of Fluid Flow.<br/>4. Dynamics of Fluid Flow.<br/>5. Inviscid Flow.<br/>6. Pipe Flow.<br/>7. Open Channel Flow.<br/>8. Incompressible Viscous Flow.<br/>9. Laminar Boundary Layers.<br/>10. Turbulent Flows.<br/>11. Essentials of Turbulent Flow.<br/>12. Flow over Immersed Bodies.<br/>13. Hydraulic Turbines.<br/>14. Pumps and Fluid Couplings.<br/>15. Compressors.<br/>16. Dimensional Analysis and Similitude.<br/>17. Flow Measurements.<br/> |
| 942 ## - ADDED ENTRY ELEMENTS (KOHA) | |
| Koha item type | Books |
| Withdrawn status | Lost status | Damaged status | Home library | Current library | Date acquired | Accession Number | Koha item type |
|---|---|---|---|---|---|---|---|
| KAUAET | KAUAET | 07/04/2012 | 21137 | Books |
